Welcome to CU Library Online Public Access Catalogue (OPAC)

Why customers don't do what you want them to do and what to do about it / (Record no. 5757)

MARC details
000 -LEADER
fixed length control field 00743cam a2200229 a 4500
001 - CONTROL NUMBER
control field 2996729
005 - DATE AND TIME OF LATEST TRANSACTION
control field 20250513164110.0
008 - FIXED-LENGTH DATA ELEMENTS--GENERAL INFORMATION
fixed length control field 930507s1993 nyu 001 0 eng
020 ## - INTERNATIONAL STANDARD BOOK NUMBER
International Standard Book Number 0070217009 (hc. : acidfree paper) :
Terms of availability $29.95
020 ## - INTERNATIONAL STANDARD BOOK NUMBER
International Standard Book Number 0070217017 (pbk. : acidfree paper) :
Terms of availability $12.95
050 00 - LIBRARY OF CONGRESS CALL NUMBER
Classification number HF5439.8
Item number .F68 1994
082 00 - DEWEY DECIMAL CLASSIFICATION NUMBER
Classification number 658.8/1
Edition information 20
100 1# - MAIN ENTRY--PERSONAL NAME
Personal name Fournies, Ferdinand F.
245 10 - TITLE STATEMENT
Title Why customers don't do what you want them to do and what to do about it /
Statement of responsibility, etc. Ferdinand F. Fournies.
260 ## - PUBLICATION, DISTRIBUTION, ETC.
Place of publication, distribution, etc. New York :
Name of publisher, distributor, etc. McGraw-Hill,
Date of publication, distribution, etc. c1994.
300 ## - PHYSICAL DESCRIPTION
Extent xv, 224 p. ;
Dimensions 24 cm.
500 ## - GENERAL NOTE
General note Includes index.
650 #0 - SUBJECT ADDED ENTRY--TOPICAL TERM
Topical term or geographic name entry element Sales personnel
General subdivision Training of.
650 #0 - SUBJECT ADDED ENTRY--TOPICAL TERM
Topical term or geographic name entry element Sales management.
650 #0 - SUBJECT ADDED ENTRY--TOPICAL TERM
Topical term or geographic name entry element Selling.
942 ## - ADDED ENTRY ELEMENTS (KOHA)
Source of classification or shelving scheme Library of Congress Classification
Koha item type Books
Suppress in OPAC No
999 ## -
-- 5757
-- 5757
Holdings
Withdrawn status Lost status Source of classification or shelving scheme Damaged status Not for loan Collection Home library Current library Shelving location Date acquired Total checkouts Full call number Barcode Date last seen Copy number Price effective from Koha item type
    Library of Congress Classification     Non-fiction Undergraduate Library (Christ Temple) Undergraduate Library (Christ Temple) General stacks 05/13/2025   HF5439 WOR ulct00002365 05/13/2025 1 05/13/2025 Books
© 2023-2024 Copyright: Central University Libraries. All Rights Reserved | Created by: Mahone Tech Office